[Event "1.CLZ 24/25,Sokol Vysehrad-Slavoj Litomerice"]
[Site "Praha"]
[Date "2025.02.16"]
[Round "8.3"]
[White "Vichnar, David"]
[Black "Hollan, Petr"]
[WhiteElo "2291"]
[BlackElo "2227"]
[Result "0-1"]
[PlyCount "178"]

1. d4 d5 2. c4 e6 3. Nf3 Nf6 4. g3 Be7 5. Bg2 O-O 6. O-O dxc4 7. Ne5 c5 8. dxc5
Qc7 9. Nxc4 Qxc5 10. b3 Rd8 11. Nbd2 Qc7 12. Bb2 Nc6 13. Rc1 Bd7 14. a3 Rac8
15. b4 b5 16. Ne5 Qb6 17. Nd3 a5 18. Qb3 axb4 19. Nxb4 Nxb4 20. axb4 Bc6 21.
Nf3 Bd5 22. Qa3 Ra8 23. Bd4 Qd6 24. Qc3 Qxb4 25. Bxf6 gxf6 26. Qxb4 Bxb4 27.
Rb1 Ba3 28. Rxb5 Bc4 29. Rbb1 Bxe2 30. Rfe1 Bd3 31. Ra1 Bb4 32. Rec1 Rxa1 33.
Rxa1 Be2 34. Nh4 Kg7 35. Bf3 Rd2 36. Bxe2 Rxe2 37. Rc1 Rb2 38. Ng2 Ba5 39. Ne3
Bd2 40. Rc2 Rb1+ 41. Nf1 Ba5 42. Kg2 Bb6 43. Nd2 Rb4 44. Nc4 Bc7 45. h3 f5 46.
Ne3 Rb7 47. Kf3 Bb8 48. Rc3 Rb2 49. Nc4 Rb1 50. Ne3 Ba7 51. Rc7 Bb8 52. Rd7 Rb3
53. Ke2 f4 54. gxf4 Bxf4 55. Kf3 Bg5 56. Ke2 Kg6 57. Nc4 f6 58. Rd6 Kf5 59. Rd3
Rb4 60. Nd6+ Kg6 61. Kf3 Bh4 62. Ne4 f5 63. Nc5 e5 64. Rd6+ Kf7 65. Kg2 Be7 66.
Rd7 e4 67. Rd5 Rb5 68. Rxf5+ Kg6 69. Re5 Bxc5 70. Rxe4 Rb2 71. Rf4 Rd2 72. Rf3
Bd4 73. Kg3 Be5+ 74. Kg2 h5 75. Kf1 Kg5 76. Kg2 Bf4 77. Kf1 Kf5 78. Kg2 Rd8 79.
Rb3 Rg8+ 80. Kf3 Be5 81. Rb5 Rg1 82. Ra5 Rh1 83. Rb5 Rxh3+ 84. Kg2 Rh4 85. Ra5
Rb4 86. Ra2 Rb3 87. Rc2 h4 88. f3 Rb1 89. Ra2 h3+ 0-1

[Event "1.CLZ 24/25,Sokol Vysehrad-Slavoj Litomerice"]
[Site "Praha"]
[Date "2025.02.16"]
[Round "8.4"]
[White "Brejnik, Gustav"]
[Black "Serrano, Salvador"]
[WhiteElo "2229"]
[BlackElo "2270"]
[Result "1-0"]
[PlyCount "65"]

1. d4 d5 2. c4 Nc6 3. Nc3 Nf6 4. Nf3 Bf5 5. cxd5 Nxd5 6. Qb3 e6 7. e4 Nxc3 8.
exf5 Ne4 9. Qxb7 Bb4+ 10. Bd2 Nxd2 11. Qxc6+ Ke7 12. Nxd2 Qxd4 13. O-O-O Rhd8
14. Qc2 Qf4 15. Be2 e5 16. g3 Qh6 17. f4 Kf8 18. Nf3 exf4 19. g4 Qb6 20. Kb1
Qe3 21. Qc4 c5 22. Ng5 Qe7 23. h4 h6 24. Ne4 Re8 25. Bf3 Rab8 26. Ka1 Rb6 27.
Rd5 Reb8 28. g5 Ba3 29. bxa3 Qb7 30. Nc3 Re8 31. Rhd1 Qb8 32. Rd7 Qe5 33. Qxf7#
 1-0

[Event "1.CLZ 24/25,Sokol Vysehrad-Slavoj Litomerice"]
[Site "Praha"]
[Date "2025.02.16"]
[Round "8.5"]
[White "Jurek, Josef"]
[Black "Kopriva, Martin"]
[WhiteElo "2160"]
[BlackElo "2158"]
[Result "1/2-1/2"]
[PlyCount "29"]

1. d4 d5 2. Nf3 h6 3. c4 e6 4. Nc3 Nf6 5. Bf4 Bb4 6. Qb3 Nc6 7. e3 O-O 8. Ne5
Nxe5 9. Bxe5 Bd6 10. Bxd6 Qxd6 11. Rc1 c6 12. h3 Rd8 13. Rd1 b6 14. cxd5 exd5
15. Bd3 1/2-1/2

[Event "1.CLZ 24/25,Sokol Vysehrad-Slavoj Litomerice"]
[Site "Praha"]
[Date "2025.02.16"]
[Round "8.6"]
[White "Papacek, Stepan"]
[Black "Netusil, Miloslav"]
[WhiteElo "2222"]
[BlackElo "2121"]
[Result "1/2-1/2"]
[PlyCount "25"]

1. Nf3 d5 2. e3 Nf6 3. c4 e6 4. Nc3 c5 5. d4 Nc6 6. cxd5 exd5 7. Be2 a6 8. O-O
Bd6 9. dxc5 Bxc5 10. b3 O-O 11. Bb2 Ba7 12. Rc1 Bg4 13. Nd4 1/2-1/2

[Event "1.CLZ 24/25,Sokol Vysehrad-Slavoj Litomerice"]
[Site "Praha"]
[Date "2025.02.16"]
[Round "8.7"]
[White "Filipi, Stepan"]
[Black "Ret, Adam"]
[WhiteElo "2141"]
[BlackElo "2127"]
[Result "1-0"]
[PlyCount "72"]

1. e4 c5 2. Nf3 Nc6 3. d4 cxd4 4. Nxd4 Nf6 5. Nc3 e5 6. Ndb5 d6 7. Bg5 a6 8.
Na3 b5 9. Bxf6 gxf6 10. Nd5 Bg7 11. g3 f5 12. Bg2 O-O 13. exf5 Bxf5 14. Ne3 Ne7
15. Nxf5 Nxf5 16. Qh5 b4 17. Nc4 Rc8 18. Qxf5 Rxc4 19. Be4 Re8 20. Rd1 Re6 21.
Qxh7+ Kf8 22. Bd5 Rh6 23. Qd3 Rd4 24. Qxa6 e4 25. O-O Rxd1 26. Rxd1 Bxb2 27.
Qb7 Qf6 28. Qc8+ Kg7 29. Qg4+ Kf8 30. Qxe4 Bc3 31. Rd3 Qg5 32. h4 Qc1+ 33. Kg2
Qxc2 34. Bxf7 Kg7 35. Bb3 Qxb3 36. axb3 Kf7 1-0

[Event "1.CLZ 24/25,Sokol Vysehrad-Slavoj Litomerice"]
[Site "Praha"]
[Date "2025.02.16"]
[Round "8.8"]
[White "Sokolovsky, Jakub"]
[Black "Svatos, Jan"]
[WhiteElo "2057"]
[BlackElo "2168"]
[Result "1/2-1/2"]
[PlyCount "65"]

1. e4 c5 2. Nf3 d6 3. d4 cxd4 4. Nxd4 a6 5. c4 Nf6 6. Nc3 e5 7. Nc2 Be6 8. Be2
Be7 9. O-O O-O 10. Bg5 Nbd7 11. Bxf6 Nxf6 12. Ne3 Rc8 13. Qd3 Nd7 14. Rad1 b5
15. cxb5 axb5 16. Nxb5 Bxa2 17. Nxd6 Nc5 18. Qa3 Bxd6 19. Qxa2 Qf6 20. Qb1 Nb3
21. Nf5 Bc5 22. Bc4 Nd4 23. Nxd4 Bxd4 24. Bd5 Qb6 25. b3 Rc3 26. Qa2 Rfc8 27.
Bc4 g6 28. Qe2 Kg7 29. Ra1 Rc7 30. Ra6 Qb7 31. Rfa1 Rxb3 32. Bxb3 Bxa1 33. Rxa1
 1/2-1/2

[Event "1.CLZ 24/25,MGMBA Unichess-Cesky lev Kolesovice"]
[Site "Praha"]
[Date "2025.02.16"]
[Round "8.1"]
[White "Kourousis, Epameinondas"]
[Black "Movsesian, Sergei"]
[WhiteElo "2359"]
[BlackElo "2595"]
[Result "1/2-1/2"]
[PlyCount "71"]

1. d4 Nf6 2. c4 e6 3. g3 d5 4. Bg2 Bb4+ 5. Bd2 Bd6 6. Qc2 O-O 7. Nf3 h6 8. Nc3
Nc6 9. O-O dxc4 10. Nb5 e5 11. dxe5 Nxe5 12. Nxd6 Nxf3+ 13. Bxf3 Qxd6 14. Bf4
Qc5 15. Rac1 Bh3 16. Bxb7 Rae8 17. Qxc4 Qxc4 18. Rxc4 Rxe2 19. Bg2 Bxg2 20.
Kxg2 Rxb2 21. Be5 Rxa2 22. Bxf6 gxf6 23. Rg4+ Kh7 24. Rc1 h5 25. Rf4 Kg7 26.
Rxc7 Re8 27. Rc6 Re6 28. Rc5 Kg6 29. h4 Re5 30. Rc8 Kg7 31. Rc6 f5 32. Rc7 Rb5
33. Rd4 Rbb2 34. Rf4 Rb5 35. Rd4 Rbb2 36. Rf4 1/2-1/2

[Event "1.CLZ 24/25,MGMBA Unichess-Cesky lev Kolesovice"]
[Site "Praha"]
[Date "2025.02.16"]
[Round "8.2"]
[White "Shagbazyan, Taron"]
[Black "Bernasek, Jan"]
[WhiteElo "2428"]
[BlackElo "2506"]
[Result "1-0"]
[PlyCount "67"]

1. e4 c5 2. Nf3 Nc6 3. Bb5 g6 4. Bxc6 bxc6 5. O-O Bg7 6. Re1 Nh6 7. c3 O-O 8.
d3 d6 9. h3 e5 10. d4 cxd4 11. cxd4 f6 12. Qc2 Bd7 13. dxe5 fxe5 14. Bg5 Qe8
15. Nbd2 Nf7 16. Bh4 g5 17. Nxg5 Nxg5 18. Bxg5 Qg6 19. Qb3+ Kh8 20. Qg3 Rg8 21.
Be3 Qe6 22. Kh1 Bf6 23. Qh2 d5 24. Nb3 dxe4 25. Nc5 Qf5 26. Bd2 Rxg2 27. Qxg2
Rg8 28. Qf1 Qf3+ 29. Kh2 Bh4 30. Re3 Qf4+ 31. Kh1 Bxf2 32. Nxd7 Rd8 33. Qg2
Bxe3 34. Rg1 1-0

[Event "1.CLZ 24/25,MGMBA Unichess-Cesky lev Kolesovice"]
[Site "Praha"]
[Date "2025.02.16"]
[Round "8.3"]
[White "Simek, Petr"]
[Black "Neuman, Petr"]
[WhiteElo "2322"]
[BlackElo "2436"]
[Result "1/2-1/2"]
[PlyCount "53"]

1. d4 d5 2. c4 c6 3. Nf3 Nf6 4. e3 g6 5. Nc3 Bg7 6. Be2 O-O 7. O-O dxc4 8. Bxc4
Bg4 9. h3 Bxf3 10. Qxf3 Nbd7 11. Rd1 e5 12. d5 e4 13. Nxe4 Nxe4 14. Qxe4 Nb6
15. Be2 Nxd5 16. Rb1 Re8 17. Qc2 Qe7 18. Bd2 Rad8 19. Ba5 Nb6 20. b4 Rxd1+ 21.
Rxd1 Rd8 22. Rxd8+ Qxd8 23. b5 cxb5 24. Bxb5 Qd5 25. a4 Bf8 26. Bxb6 axb6 27.
Qd3 1/2-1/2

[Event "1.CLZ 24/25,MGMBA Unichess-Cesky lev Kolesovice"]
[Site "Praha"]
[Date "2025.02.16"]
[Round "8.4"]
[White "Svoboda, Svatopluk"]
[Black "Rehorek, Martin"]
[WhiteElo "2346"]
[BlackElo "2232"]
[Result "0-1"]
[PlyCount "48"]

1. e4 c5 2. Nf3 e6 3. c3 Nf6 4. e5 Nd5 5. d4 cxd4 6. cxd4 d6 7. Bc4 Nc6 8. O-O
Be7 9. Qe2 dxe5 10. dxe5 O-O 11. Nc3 Nxc3 12. bxc3 Qc7 13. Bd3 Rd8 14. Re1 g6
15. h4 b6 16. Bc2 Bb7 17. Bg5 Na5 18. Qe3 Bxf3 19. Qxf3 Bxg5 20. hxg5 Rac8 21.
Rad1 Rxd1 22. Rxd1 Nc6 23. Rd6 Nxe5 24. Qd1 Qxc3 0-1

[Event "1.CLZ 24/25,MGMBA Unichess-Cesky lev Kolesovice"]
[Site "Praha"]
[Date "2025.02.16"]
[Round "8.5"]
[White "Juhanak, Daniel"]
[Black "Studnicka, Tomas"]
[WhiteElo "2090"]
[BlackElo "2252"]
[Result "1/2-1/2"]
[PlyCount "80"]

1. c4 c5 2. Nf3 Nc6 3. Nc3 g6 4. e3 Nf6 5. d4 cxd4 6. exd4 d5 7. cxd5 Nxd5 8.
Qb3 Nxc3 9. Bc4 Nd5 10. Bxd5 e6 11. Bc4 Bb4+ 12. Ke2 O-O 13. Rd1 Be7 14. Bh6
Re8 15. Kf1 Na5 16. Qd3 Nxc4 17. Qxc4 Qd5 18. Qxd5 exd5 19. Rac1 Bd6 20. Bg5
Kg7 21. Bh4 Bg4 22. Bg3 Bxg3 23. hxg3 Bxf3 24. gxf3 Rac8 25. Rc5 b6 26. Rxd5
Rc2 27. Re5 Re6 28. Rxe6 fxe6 29. d5 Kf7 30. dxe6+ Kxe6 31. Re1+ Kf5 32. Re2
Rxe2 33. Kxe2 g5 34. Kf1 b5 35. Kg2 b4 36. Kh3 a6 37. Kg2 Ke5 38. Kh3 Kf5 39.
Kg2 Ke5 40. Kh3 Kf5 1/2-1/2

[Event "1.CLZ 24/25,MGMBA Unichess-Cesky lev Kolesovice"]
[Site "Praha"]
[Date "2025.02.16"]
[Round "8.6"]
[White "Walek, Petr"]
[Black "Tesar, Jakub"]
[WhiteElo "2279"]
[BlackElo "1958"]
[Result "1-0"]
[PlyCount "145"]

1. e4 e6 2. d4 d5 3. Nc3 Bb4 4. Nge2 dxe4 5. a3 Bxc3+ 6. Nxc3 Nc6 7. Bb5 Nge7
8. Bg5 f6 9. Be3 f5 10. Qd2 O-O 11. O-O-O Nd5 12. Nxd5 exd5 13. Bxc6 bxc6 14.
Bg5 Qe8 15. Bf4 Rf7 16. h4 Be6 17. Rh3 c5 18. dxc5 d4 19. Qxd4 Rd7 20. Qe5
Rxd1+ 21. Kxd1 Rd8+ 22. Kc1 Qd7 23. b3 c6 24. Rg3 Qd1+ 25. Kb2 Qd4+ 26. Qxd4
Rxd4 27. Rxg7+ Kxg7 28. Be5+ Kg6 29. Bxd4 Kh5 30. Bf6 f4 31. Kc3 e3 32. fxe3
fxe3 33. Kd3 Bf5+ 34. Kxe3 Bxc2 35. b4 Kg4 36. h5 Kxh5 37. Kf4 a6 38. Bd8 Bb3
39. Kf5 Bc2+ 40. Kf4 Bb3 41. g3 Ba4 42. Kf5 Bc2+ 43. Kf4 Ba4 44. Bh4 Kg6 45.
Ke5 Bb5 46. g4 Kf7 47. Kd6 Ba4 48. Bg5 Bb5 49. Bd8 Ba4 50. Kd7 Bb5 51. Bg5 Ba4
52. Bh4 Bb5 53. Bg3 Ba4 54. Be5 Bb5 55. Bc3 Ba4 56. Bd4 Bb5 57. Be3 Ba4 58. g5
Bb5 59. Bc1 Ba4 60. Bd2 Bb5 61. Be3 Ba4 62. Kc7 Ke6 63. Kb6 Bb5 64. Ka5 Kd7 65.
a4 Bd3 66. Kb6 Bc4 67. Kb7 Kd8 68. Kxc6 Bb3 69. Kb7 Bc2 70. c6 Be4 71. Bc5 Bd5
72. a5 Be4 73. b5 1-0

[Event "1.CLZ 24/25,MGMBA Unichess-Cesky lev Kolesovice"]
[Site "Praha"]
[Date "2025.02.16"]
[Round "8.7"]
[White "Pokorny, Petr"]
[Black "Vagner, Tomas"]
[WhiteElo "2144"]
[BlackElo "2236"]
[Result "1-0"]
[PlyCount "131"]

1. d4 d5 2. c4 e6 3. Nc3 Nf6 4. cxd5 exd5 5. Bg5 c6 6. Qc2 Be7 7. e3 h6 8. Bf4
Qa5 9. Nf3 Ne4 10. Bd3 Na6 11. Bxa6 Qxa6 12. Nxe4 dxe4 13. Qxe4 Be6 14. Qc2
O-O-O 15. Nd2 Rhe8 16. f3 Bh4+ 17. g3 Be7 18. Ne4 Bd5 19. g4 h5 20. g5 Bxe4 21.
fxe4 Bxg5 22. Bxg5 Qa5+ 23. Kf2 Qxg5 24. h4 Qf6+ 25. Ke2 Qe6 26. Rhg1 g6 27. e5
Qh3 28. Qe4 Rd5 29. Rac1 Qe6 30. b3 Kb8 31. Rc4 Qe7 32. Qf4 Ka8 33. Rf1 Rd7 34.
Rc5 a6 35. Qf6 Ka7 36. Qxe7 Rexe7 37. a4 Re6 38. a5 b6 39. axb6+ Kxb6 40. Kd3
Rde7 41. Rf3 a5 42. Rc1 Rd7 43. Kc4 c5 44. Rcf1 cxd4 45. exd4 Rc6+ 46. Kd3 Rcc7
47. Ke4 Kb5 48. Rf6 Rb7 49. d5 Kc5 50. Rc6+ Kb4 51. Rf3 Ka3 52. e6 fxe6 53.
dxe6 Rd1 54. Ke5 Rh1 55. Rc4 g5 56. hxg5 h4 57. Kf6 h3 58. Ra4+ Kb2 59. Rh4
Rxb3 60. Rxb3+ Kxb3 61. e7 Rf1+ 62. Kg7 Re1 63. Rxh3+ Kb2 64. Kf7 Rf1+ 65. Ke8
Rg1 66. Re3 1-0

[Event "1.CLZ 24/25,MGMBA Unichess-Cesky lev Kolesovice"]
[Site "Praha"]
[Date "2025.02.16"]
[Round "8.8"]
[White "Ksana, Vaclav"]
[Black "Bartos, Jan"]
[WhiteElo "2135"]
[BlackElo "2127"]
[Result "0-1"]
[PlyCount "72"]

1. e4 c5 2. a3 g6 3. h4 Nf6 4. Nc3 Nc6 5. Bc4 d6 6. d3 Bg7 7. h5 Nxh5 8. Rxh5
gxh5 9. Qxh5 Ne5 10. Bb3 e6 11. Bg5 Bf6 12. Bd2 Nc6 13. O-O-O Nd4 14. Ba2 b5
15. Nge2 b4 16. axb4 cxb4 17. Nxd4 Bxd4 18. Ne2 Bc5 19. d4 Qa5 20. Kb1 Bb6 21.
Qh3 Qb5 22. c4 bxc3 23. Nxc3 Qa6 24. Bf4 Ba5 25. Qg3 Bd7 26. d5 O-O-O 27. Rc1
Kb7 28. Bxd6 Rhg8 29. Qf4 Rxg2 30. e5 Bxc3 31. bxc3 Qe2 32. Qb4+ Ka8 33. dxe6
fxe6 34. Qd4 Bc6 35. Bxe6 Rxf2 36. Qb4 Rxd6 0-1

[Event "1.CLZ 24/25,Cesky lev Kolesovice-Chess club Pisek"]
[Site "Kolesovice"]
[Date "2025.03.02"]
[Round "9.1"]
[White "Movsesian, Sergei"]
[Black "Miesbauer, Jan"]
[WhiteElo "2593"]
[BlackElo "2373"]
[Result "1-0"]
[PlyCount "71"]

1. Nf3 Nf6 2. g3 g6 3. b3 Bg7 4. Bb2 O-O 5. Bg2 d6 6. d4 Nc6 7. d5 Na5 8. O-O
c5 9. c4 Rb8 10. Bc3 Re8 11. Ne1 a6 12. Nd3 e6 13. Qd2 b6 14. dxe6 Bxe6 15. Nf4
Bf5 16. Rd1 Nb7 17. Qb2 Bh8 18. Bc6 Rf8 19. e4 Bg4 20. f3 Bxf3 21. Rd3 Bg4 22.
e5 Nd7 23. exd6 Bxc3 24. Qxc3 f6 25. Bd5+ Kh8 26. Be6 g5 27. Bxg4 gxf4 28. gxf4
Rg8 29. Rg3 Nxd6 30. Qd3 Nf8 31. Nc3 Nf7 32. Nd5 Nd6 33. Re1 Rg7 34. Qc3 Ng6
35. Nxf6 Nxf4 36. Rf1 1-0

[Event "1.CLZ 24/25,Cesky lev Kolesovice-Chess club Pisek"]
[Site "Kolesovice"]
[Date "2025.03.02"]
[Round "9.2"]
[White "Civin, Tomas"]
[Black "Shagbazyan, Taron"]
[WhiteElo "2358"]
[BlackElo "2439"]
[Result "1/2-1/2"]
[PlyCount "42"]

1. e4 c6 2. d4 d5 3. f3 e6 4. Be3 dxe4 5. fxe4 Qh4+ 6. g3 Qxe4 7. Qd2 Bb4 8.
Nc3 Qf5 9. Bg2 Nf6 10. Nge2 Nd5 11. a3 Nxe3 12. Qxe3 Be7 13. O-O-O Nd7 14. Kb1
Nf6 15. Rhf1 Qa5 16. g4 Nxg4 17. Qg3 Nf6 18. Ne4 Nh5 19. Qf3 Nf6 20. Qg3 Nh5
21. Qf3 Nf6 1/2-1/2

[Event "1.CLZ 24/25,Cesky lev Kolesovice-Chess club Pisek"]
[Site "Kolesovice"]
[Date "2025.03.02"]
[Round "9.3"]
[White "Neuman, Petr"]
[Black "Hak, David"]
[WhiteElo "2421"]
[BlackElo "2291"]
[Result "0-1"]
[PlyCount "88"]

1. c4 g6 2. d4 Nf6 3. Nc3 Bg7 4. e4 O-O 5. Nf3 d6 6. Be2 e5 7. Be3 exd4 8. Nxd4
Re8 9. f3 c6 10. Bf2 d5 11. exd5 cxd5 12. O-O Nc6 13. c5 a6 14. Qd2 Be6 15.
Rfd1 Qc7 16. Rac1 Nh5 17. g3 Bxd4 18. Bxd4 Nxg3 19. Bf2 Nh5 20. b3 Rad8 21. Bf1
d4 22. Ne4 Bd5 23. Nd6 Re6 24. Bxd4 Bxf3 25. Re1 Rexd6 26. cxd6 Qxd6 27. Be3
Qxd2 28. Bxd2 Rxd2 29. Rc3 Bd5 30. Rd3 Rxd3 31. Bxd3 Kg7 32. Re8 Nf4 33. Be4
Ne2+ 34. Kf1 Bxe4 35. Kxe2 f5 36. Rc8 Kf6 37. Ke3 h5 38. h4 Ne7 39. Rf8+ Ke6
40. Kf4 Nd5+ 41. Kg5 Ke7 42. Rb8 f4 43. Rxb7+ Kd6 44. Rf7 f3 0-1

[Event "1.CLZ 24/25,Cesky lev Kolesovice-Chess club Pisek"]
[Site "Kolesovice"]
[Date "2025.03.02"]
[Round "9.4"]
[White "Janous, Marek"]
[Black "Studnicka, Tomas"]
[WhiteElo "2215"]
[BlackElo "2248"]
[Result "1/2-1/2"]
[PlyCount "84"]

1. e4 c5 2. Nf3 Nc6 3. Nc3 g6 4. d4 cxd4 5. Nxd4 Bg7 6. Be3 Nf6 7. Bc4 Qa5 8.
O-O O-O 9. Bb3 Qh5 10. Qxh5 Nxh5 11. Rad1 Nf6 12. h3 d6 13. Rfe1 Bd7 14. f4
Rfd8 15. Nf3 Na5 16. e5 Ne8 17. exd6 Nxd6 18. Nd5 Nf5 19. Bc5 Bc6 20. Nxe7+
Nxe7 21. Rxd8+ Rxd8 22. Bxe7 Re8 23. Ba3 Rxe1+ 24. Nxe1 Nxb3 25. axb3 a5 26. c3
Bd5 27. b4 a4 28. b5 b6 29. Nc2 Bc4 30. Ne3 Bxb5 31. Nd5 Bh6 32. g3 g5 33. f5
Bd3 34. g4 b5 35. f6 Bf8 36. Ne7+ Kh8 37. Kf2 h6 38. Kg3 Be4 39. h4 Bxe7 40.
Bxe7 gxh4+ 41. Kxh4 Kh7 42. Kg3 Kg6 1/2-1/2

[Event "1.CLZ 24/25,Cesky lev Kolesovice-Chess club Pisek"]
[Site "Kolesovice"]
[Date "2025.03.02"]
[Round "9.5"]
[White "Walek, Petr"]
[Black "Kotal, Vaclav"]
[WhiteElo "2251"]
[BlackElo "2155"]
[Result "0-1"]
[PlyCount "74"]

1. e4 c5 2. Nf3 d6 3. d4 cxd4 4. Nxd4 Nf6 5. Nc3 Nc6 6. Bc4 e6 7. Be3 a6 8. Qe2
Bd7 9. O-O-O b5 10. Nxc6 Bxc6 11. Bd5 Qc7 12. Rhe1 Be7 13. Bf4 O-O 14. Bb3 Rfe8
15. a3 Nd7 16. Qh5 g6 17. Qh6 a5 18. Rd4 Bf8 19. Qh3 b4 20. axb4 axb4 21. Rxb4
Ra1+ 22. Kd2 Rxe1 23. Kxe1 Qa5 24. Rd4 d5 25. exd5 e5 26. Re4 Bb5 27. Kd2 Nc5
28. Rxe5 Ne4+ 29. Kc1 Qa1+ 30. Nb1 Nxf2 31. Qf3 Rxe5 32. Bxe5 Bh6+ 33. Bf4 Bg7
34. Qxf2 Bxb2+ 35. Kd2 Qxb1 36. Ke3 Qd1 37. Qh4 Qe2# 0-1

[Event "1.CLZ 24/25,Cesky lev Kolesovice-Chess club Pisek"]
[Site "Kolesovice"]
[Date "2025.03.02"]
[Round "9.6"]
[White "Borkovec, Milan"]
[Black "Vagner, Tomas"]
[WhiteElo "2213"]
[BlackElo "2239"]
[Result "1-0"]
[PlyCount "105"]

1. e4 e5 2. Nf3 d6 3. d4 exd4 4. Nxd4 Nf6 5. Nc3 Be7 6. Bc4 O-O 7. O-O Nxe4 8.
Nxe4 d5 9. Bd3 dxe4 10. Bxe4 Bf6 11. Be3 Re8 12. Bf3 c6 13. c3 Nd7 14. Qc2 Ne5
15. Be4 g6 16. Rad1 Qe7 17. f3 Nc4 18. Bf2 Nd6 19. Bd3 c5 20. Nb5 Nxb5 21. Bxb5
Bf5 22. Qb3 Red8 23. Bc4 Rxd1 24. Rxd1 b6 25. g4 Be6 26. Bxe6 Qxe6 27. Qxe6
fxe6 28. Rd7 Rd8 29. Rxd8+ Bxd8 30. c4 Bc7 31. h3 Bf4 32. Kf1 Kf7 33. Ke2 Kf6
34. Kd3 Ke5 35. b3 Bh2 36. Be3 Bf4 37. Bf2 h5 38. a4 Bg5 39. a5 h4 40. a6 Bd8
41. Be3 g5 42. Bg1 Kf4 43. b4 cxb4 44. c5 bxc5 45. Bxc5 Bc7 46. Bxa7 Kxf3 47.
Be3 Bb8 48. Bxg5 b3 49. Bxh4 e5 50. g5 e4+ 51. Kc3 e3 52. g6 e2 53. g7 1-0

[Event "1.CLZ 24/25,Cesky lev Kolesovice-Chess club Pisek"]
[Site "Kolesovice"]
[Date "2025.03.02"]
[Round "9.7"]
[White "Movsesian, Julia"]
[Black "Klicnar, Martin"]
[WhiteElo "2211"]
[BlackElo "2062"]
[Result "1-0"]
[PlyCount "61"]

1. e4 e5 2. Nf3 Nc6 3. Bc4 Bc5 4. d3 Nf6 5. Nc3 d6 6. a3 a6 7. Be3 Bxe3 8. fxe3
Be6 9. Nd2 Qd7 10. O-O Bxc4 11. Nxc4 d5 12. exd5 Nxd5 13. Qh5 Nxc3 14. bxc3 Qe7
15. e4 O-O 16. Ne3 Qc5 17. Rf3 Ne7 18. Kh1 f6 19. Rh3 h6 20. Rf1 Rf7 21. Rg3
Kf8 22. Ng4 Ng8 23. Rgf3 Re8 24. d4 Qxa3 25. Nxe5 Rxe5 26. dxe5 Qc5 27. Qf5 Ne7
28. Qd7 Kg8 29. exf6 gxf6 30. Rg3+ Rg7 31. Qe6+ 1-0

[Event "1.CLZ 24/25,Cesky lev Kolesovice-Chess club Pisek"]
[Site "Kolesovice"]
[Date "2025.03.02"]
[Round "9.8"]
[White "Tejnor, Martin"]
[Black "Ksana, Vaclav"]
[WhiteElo "1854"]
[BlackElo "2127"]
[Result "0-1"]
[PlyCount "60"]

1. e4 Nc6 2. d4 d5 3. exd5 Qxd5 4. Nf3 Bg4 5. Be2 O-O-O 6. Be3 e5 7. c4 Bb4+ 8.
Nbd2 Qa5 9. d5 Bxf3 10. Bxf3 Nd4 11. O-O Bxd2 12. Qxd2 Nxf3+ 13. gxf3 Qxd2 14.
Bxd2 c6 15. Bc3 cxd5 16. Bxe5 f6 17. Bd4 b6 18. Rac1 Ne7 19. a3 Kb7 20. Rfe1
Nf5 21. Be3 Nh4 22. Red1 dxc4 23. Kf1 Nxf3 24. Ke2 Ne5 25. Rg1 g6 26. f4 Nd3
27. Rxc4 Nxb2 28. Rc3 Na4 29. Rc4 Nb2 30. Rc3 Rc8 0-1

[Event "1.CLZ 24/25,Slavoj Litomerice-MGMBA Unichess"]
[Site "Litomerice"]
[Date "2025.03.02"]
[Round "9.1"]
[White "Brejnik, Gustav"]
[Black "Cernousek, Lukas"]
[WhiteElo "2247"]
[BlackElo "2430"]
[Result "0-1"]
[PlyCount "74"]

1. d4 f5 2. Nc3 Nf6 3. Bg5 d5 4. Bxf6 exf6 5. e3 Be6 6. Bd3 c6 7. Qf3 g6 8.
Nge2 Bd6 9. h3 h5 10. O-O-O Nd7 11. g4 fxg4 12. hxg4 Bxg4 13. Qg2 Rg8 14. Rdg1
Qe7 15. e4 dxe4 16. Bxe4 O-O-O 17. f3 Be6 18. d5 cxd5 19. Nxd5 Qf7 20. f4 f5
21. Bf3 Nb6 22. Nxb6+ axb6 23. a3 Bc5 24. Rd1 Ba2 25. b4 Qg7 26. c3 Be3+ 27.
Kb2 Qf7 28. Nd4 Bxf4 29. Bxb7+ Qxb7 30. Nc6 Bf7 31. b5 Rge8 32. Rhe1 Rd6 33.
Qf2 Rxd1 34. Rxd1 Qc7 35. Rd4 Be3 36. Qh4 g5 37. Qh3 g4 0-1

[Event "1.CLZ 24/25,Slavoj Litomerice-MGMBA Unichess"]
[Site "Litomerice"]
[Date "2025.03.02"]
[Round "9.2"]
[White "Bernasek, Jan"]
[Black "Jirasko, Miroslav"]
[WhiteElo "2506"]
[BlackElo "2244"]
[Result "1-0"]
[PlyCount "79"]

1. d4 d5 2. c4 e6 3. Nc3 a6 4. cxd5 exd5 5. Bf4 Nf6 6. e3 Bd6 7. Bg3 O-O 8. Bd3
Re8 9. Nge2 Bxg3 10. Nxg3 Nc6 11. O-O g6 12. Qd2 h5 13. f3 Qe7 14. Rae1 h4 15.
Nh1 Be6 16. Nf2 Nb4 17. Bb1 c5 18. Na4 cxd4 19. exd4 Nd7 20. Ng4 Nc6 21. Nc3
Qb4 22. Rd1 Rad8 23. h3 Bxg4 24. fxg4 Nf8 25. a3 Qe7 26. Ba2 Kg7 27. Nxd5 Qe6
28. Nc3 Qe3+ 29. Qxe3 Rxe3 30. Rxf7+ Kh6 31. d5 Ne5 32. Rxb7 Nfd7 33. d6 Nc5
34. Re7 Ncd3 35. Nd5 Rg3 36. Rf1 Rxd6 37. Nf6 Rd4 38. Kh2 Nf4 39. Ng8+ Kg5 40.
Rxe5# 1-0

[Event "1.CLZ 24/25,Slavoj Litomerice-MGMBA Unichess"]
[Site "Litomerice"]
[Date "2025.03.02"]
[Round "9.3"]
[White "Buchcar, Tomas"]
[Black "Jurcik, Martin"]
[WhiteElo "2179"]
[BlackElo "2345"]
[Result "0-1"]
[PlyCount "78"]

1. c4 e6 2. Nf3 d5 3. e3 Bd6 4. Nc3 c6 5. e4 Ne7 6. d4 Bb4 7. Bd3 c5 8. O-O
dxc4 9. Bxc4 cxd4 10. Nb5 a6 11. Nbxd4 Nbc6 12. Be3 O-O 13. a3 Bd6 14. Qe2 b5
15. Ba2 Bb7 16. Rfd1 Qb8 17. h3 Ne5 18. Ng5 h6 19. Ndxe6 fxe6 20. Bxe6+ Kh8 21.
Bd4 N7g6 22. g3 Be7 23. f4 Bxg5 24. fxe5 Nxe5 25. Rf1 Qd6 26. Bd5 Bxd5 27. exd5
Nc4 28. Qd3 Be3+ 29. Kh2 Bxd4 30. Qxd4 Qe5 31. Qxe5 Nxe5 32. Kg2 Nc4 33. Rfe1
Nxb2 34. Re6 Nc4 35. a4 b4 36. d6 Rad8 37. Re4 Nxd6 38. Rxb4 Nf5 39. g4 Ne3+
 0-1

[Event "1.CLZ 24/25,Slavoj Litomerice-MGMBA Unichess"]
[Site "Litomerice"]
[Date "2025.03.02"]
[Round "9.4"]
[White "Soucek, Petr"]
[Black "Kopriva, Martin"]
[WhiteElo "2238"]
[BlackElo "2163"]
[Result "0-1"]
[PlyCount "83"]

1. d4 Nf6 2. c4 g6 3. Nc3 c5 4. d5 d6 5. e4 Bg7 6. h3 O-O 7. Nf3 e6 8. Be2 exd5
9. exd5 Bf5 10. g4 Be4 11. O-O Bxf3 12. Bxf3 Nfd7 13. Ne4 Ne5 14. Be2 Qe7 15.
Re1 f5 16. Ng5 f4 17. Ne6 f3 18. Bf1 Nbd7 19. a4 h6 20. Ra3 Qh4 21. Re4 Nf6 22.
Rxe5 Nxg4 23. Rxf3 Rxf3 24. Qxf3 Nxe5 25. Qb3 Qe7 26. f4 Nf7 27. Qg3 Nh8 28.
Bd3 Qf7 29. Kg2 Re8 30. Qg4 Qf6 31. h4 h5 32. Qg3 Rxe6 33. dxe6 Qxe6 34. Qf3
Qf6 35. Qd5+ Nf7 36. Kg3 b6 37. Be4 Bf8 38. Be3 Be7 39. Kf3 Qxh4 40. Bxg6 Qg4+
41. Kf2 Qxg6 42. Qa8+ 0-1

[Event "1.CLZ 24/25,Slavoj Litomerice-MGMBA Unichess"]
[Site "Litomerice"]
[Date "2025.03.02"]
[Round "9.5"]
[White "Ret, Adam"]
[Black "Juhanak, Daniel"]
[WhiteElo "2109"]
[BlackElo "2204"]
[Result "1/2-1/2"]
[PlyCount "64"]

1. c4 e6 2. g3 d5 3. Bg2 Nf6 4. Nf3 Be7 5. O-O O-O 6. d4 c6 7. Qc2 b6 8. Nbd2
Ba6 9. b3 Nbd7 10. e4 dxe4 11. Nxe4 Rc8 12. Bb2 Nxe4 13. Qxe4 Nf6 14. Qc2 c5
15. Rfd1 cxd4 16. Bxd4 Qe8 17. Qb2 Bb7 18. Ne5 Bxg2 19. Kxg2 Rc7 20. Qe2 Qa8+
21. Qf3 Nd7 22. Nxd7 Rxd7 23. Be5 Qxf3+ 24. Kxf3 Rfd8 25. Ke2 f6 26. Bc3 e5 27.
f3 h5 28. h3 Kf7 29. Rxd7 Rxd7 30. b4 Ke6 31. a4 Rc7 32. Kd3 Rd7+ 1/2-1/2

[Event "1.CLZ 24/25,Slavoj Litomerice-MGMBA Unichess"]
[Site "Litomerice"]
[Date "2025.03.02"]
[Round "9.6"]
[White "Tesar, Jakub"]
[Black "Hurtik, Matej"]
[WhiteElo "1966"]
[BlackElo "2141"]
[Result "1/2-1/2"]
[PlyCount "96"]

1. d4 c5 2. d5 Nf6 3. Nc3 e5 4. e4 d6 5. Be2 Be7 6. Nf3 O-O 7. O-O Ne8 8. Nd2
g6 9. a4 f5 10. f3 f4 11. Nc4 g5 12. Bd2 Rf6 13. Kf2 h5 14. Rg1 Rg6 15. Qb1 g4
16. Kf1 Nf6 17. b4 cxb4 18. Qxb4 Na6 19. Qa5 b6 20. Qb5 Nc5 21. Bd3 Kh8 22. a5
Qg8 23. Kf2 gxf3 24. gxf3 Nfxe4+ 25. Nxe4 Bh4+ 26. Ke2 Rg2+ 27. Rxg2 Qxg2+ 28.
Kd1 Bd7 29. Qb1 Nxe4 30. Kc1 Nxd2 31. Nxd2 Be1 32. Qb4 b5 33. Be4 Rg8 34. Ra3
Bxd2+ 35. Qxd2 Qf1+ 36. Kb2 Rg1 37. Qb4 Qc1+ 38. Kb3 Qb1+ 39. Kc3 Qe1+ 40. Kb3
Qxb4+ 41. Kxb4 Rb1+ 42. Rb3 Rxb3+ 43. cxb3 a6 44. h4 Kg7 45. Kc3 Kf6 46. b4 Bf5
47. Kd3 Bxe4+ 48. fxe4 Ke7 1/2-1/2